[Event "FRA-ch U12/16 Girls"]
[Site "Agen"]
[Date "2023.04.29"]
[Round "8"]
[White "Micheli, Elora"]
[Black "Schebacher, Solene"]
[Result "1-0"]
[WhiteElo "1669"]
[BlackElo "1716"]
[PlyCount "85"]
[EventDate "2023.04.23"]
[EventType "swiss"]
[EventRounds "9"]
[EventCountry "FRA"]
[SourceTitle "CBM 214 Extra"]
[Source "ChessBase"]
[SourceDate "2023.07.31"]
[SourceVersion "1"]
[SourceVersionDate "2023.07.31"]
[SourceQuality "1"]

1. c4 e5 2. Nc3 Nf6 3. e4 Bc5 4. Be2 Nc6 5. Nf3 d6 6. d3 h6 7. h3 Bd7 8. Be3 Bb6 9. Qd2 Ne7 10. g4 Ng6 11. a3 Bxe3 12. fxe3 Nh7 13. 0-0-0 a6 14. d4 Ng5 15. Rdf1 Nxf3 16. Rxf3 Rf8 17. Rhf1 Be6 18. Kb1 c5 19. dxc5 dxc5 20. Qxd8+ Rxd8 21. Nd5 Kd7 22. Bd1 Kc6 23. a4 Rd7 24. a5 Bxd5 25. exd5+ Kd6 26. Ba4 Rc7 27. e4 Nf4 28. Rb3 Ke7 29. Rb6 Rd8 30. Rd1 Rd6 31. Kc2 Ne2 32. b4 Nd4+ 33. Kc3 Rxb6 34. axb6 Rc8 35. bxc5 Rxc5 36. Rxd4 exd4+ 37. Kxd4 Ra5 38. Bc6 Ra1 39. Bxb7 a5 40. Bc6 Rb1 41. Bb5 Kd8 42. d6 a4 43. b7 1-0

[Event "FRA-ch U16 Girls"]
[Site "Agen"]
[Date "2022.04.24"]
[Round "9"]
[White "Schebacher, Solene"]
[Black "Micheli, Elora"]
[Result "0-1"]
[WhiteElo "1746"]
[BlackElo "1547"]
[PlyCount "86"]
[EventDate "2022.04.16"]
[EventType "swiss"]
[EventRounds "9"]
[EventCountry "FRA"]
[SourceTitle "EXT 2023"]
[Source "ChessBase"]
[SourceDate "2022.10.05"]
[SourceVersion "1"]
[SourceVersionDate "2022.10.05"]
[SourceQuality "1"]

1. e4 c5 2. Nf3 e6 3. b3 Nc6 4. Bb2 Nf6 5. e5 Ng4 6. h3 Nh6 7. c4 Nf5 8. Bd3 Nfd4 9. Nxd4 cxd4 10. Qg4 Nxe5 11. Qxd4 Nxd3+ 12. Qxd3 Qg5 13. 0-0 Be7 14. Nc3 0-0 15. Rfe1 b6 16. Ne4 Qg6 17. Re3 f6 18. Rg3 Qf7 19. Re1 Rd8 20. Qf3 Rf8 21. Re3 Bb7 22. Qg4 Bxe4 23. Qxe4 Rac8 24. Rd3 Rfd8 25. Qb7 Bc5 26. Qxa7 b5 27. Qa5 bxc4 28. bxc4 Qh5 29. Qc3 Qd1+ 30. Kh2 Bxf2 31. Rxg7+ Kh8 32. h4 Qg1+ 33. Kh3 Qh1+ 34. Kg4 Qxh4+ 35. Kf3 Kxg7 36. Qb4 Kf7 37. Qb7 Rxc4 38. Rxd7+ Rxd7 39. Qxd7+ Kg6 40. Qe8+ Kf5 41. Qb5+ Bc5 42. d4 Qf4+ 43. Ke2 Rc2+ 0-1

[Event "FRA-ch U16 Girls"]
[Site "Agen"]
[Date "2022.04.21"]
[Round "6"]
[White "Le Coz, Marie Sarah"]
[Black "Micheli, Elora"]
[Result "0-1"]
[WhiteElo "1526"]
[BlackElo "1547"]
[PlyCount "88"]
[EventDate "2022.04.16"]
[EventType "swiss"]
[EventRounds "9"]
[EventCountry "FRA"]
[SourceTitle "EXT 2023"]
[Source "ChessBase"]
[SourceDate "2022.10.05"]
[SourceVersion "1"]
[SourceVersionDate "2022.10.05"]
[SourceQuality "1"]

1. d4 Nf6 2. Nf3 e6 3. g3 b5 4. Bg2 Bb7 5. 0-0 d5 6. a4 b4 7. c3 bxc3 8. Nxc3 Nbd7 9. Bf4 Ba6 10. Rc1 c5 11. Ne5 cxd4 12. Nb5 Bxb5 13. axb5 Qb6 14. Nc4 Qd8 15. Nd6+ Bxd6 16. Bxd6 Nb6 17. Ba3 e5 18. f4 Ng4 19. fxe5 Ne3 20. Qxd4 Nxf1 21. Rxf1 Qd7 22. e6 fxe6 23. Qc5 Kd8 24. Qe3 h6 25. b3 Re8 26. Bf3 Qf7 27. Qe5 Nd7 28. Qd6 Qe7 29. Qc6 Qxa3 30. Qxa8+ Ke7 31. Qc6 Qc5+ 32. Kg2 Qxc6 33. bxc6 Ne5 34. e4 d4 35. Rc1 Rc8 36. Rc5 Kd6 37. b4 Rxc6 38. Rxc6+ Kxc6 39. Bd1 Nd3 40. Kf3 Nxb4 41. e5 Kd5 42. Kf4 Nd3+ 43. Kf3 Nxe5+ 44. Kf4 g5# 0-1

[Event "FRA-ch U12 Girls"]
[Site "Hyeres"]
[Date "2019.04.20"]
[Round "8"]
[White "Gagua, Nani"]
[Black "Micheli, Elora"]
[Result "0-1"]
[WhiteElo "1458"]
[BlackElo "1359"]
[PlyCount "92"]
[EventDate "2019.04.14"]
[EventType "swiss"]
[EventRounds "9"]
[EventCountry "FRA"]
[SourceTitle "CBM 190 Extra"]
[Source "ChessBase"]
[SourceDate "2019.07.15"]
[SourceVersion "1"]
[SourceVersionDate "2019.07.15"]
[SourceQuality "1"]

1. e4 c5 2. Nf3 e6 3. Be2 Nc6 4. 0-0 d6 5. c3 Nf6 6. Qc2 Be7 7. d4 b6 8. Bf4 d5 9. e5 Ne4 10. Nbd2 Nxd2 11. Qxd2 a5 12. Rfe1 cxd4 13. Nxd4 Nxd4 14. Qxd4 Bc5 15. Qd1 Ba6 16. Bxa6 Rxa6 17. Qg4 g6 18. Bh6 Ra7 19. Qh3 Bf8 20. Bxf8 Kxf8 21. Rad1 Qg5 22. Rd4 h5 23. Qf3 Kg7 24. Rf4 Rc8 25. h4 Qe7 26. Rf6 Rc4 27. Qh3 Rac7 28. Re3 d4 29. Ref3 Qc5 30. R3f4 dxc3 31. Rxc4 Qxc4 32. Qxc3 Qxc3 33. bxc3 Rxc3 34. Rf3 Rxf3 35. gxf3 f6 36. f4 fxe5 37. fxe5 b5 38. Kf1 g5 39. hxg5 Kg6 40. f4 b4 41. Ke2 a4 42. Kd3 Kf5 43. Kd2 b3 44. axb3 axb3 45. Kc3 h4 46. Kxb3 h3 0-1

[Event "FRA-ch U12 Girls"]
[Site "Hyeres"]
[Date "2019.04.19"]
[Round "7"]
[White "Micheli, Elora"]
[Black "Schippke, Manon"]
[Result "1-0"]
[WhiteElo "1359"]
[BlackElo "1646"]
[PlyCount "113"]
[EventDate "2019.04.14"]
[EventType "swiss"]
[EventRounds "9"]
[EventCountry "FRA"]
[SourceTitle "CBM 190 Extra"]
[Source "ChessBase"]
[SourceDate "2019.07.15"]
[SourceVersion "1"]
[SourceVersionDate "2019.07.15"]
[SourceQuality "1"]

1. e4 c5 2. Nf3 d6 3. d4 cxd4 4. Nxd4 Nf6 5. Nc3 Nc6 6. g3 g6 7. Bg2 Bd7 8. h3 Bg7 9. Nde2 0-0 10. 0-0 Rc8 11. Be3 Qa5 12. Nd5 Nxd5 13. exd5 Ne5 14. Bd4 Bf5 15. c3 Qb5 16. b3 Nd7 17. c4 Qa5 18. Bxg7 Kxg7 19. g4 Bxg4 20. hxg4 Ne5 21. Qd4 Kg8 22. g5 b5 23. cxb5 Qxb5 24. Nf4 Rc5 25. b4 Rc4 26. Qe3 Qxb4 27. Nd3 Nxd3 28. Qxd3 Rg4 29. Qe3 Qc4 30. f4 Qxd5 31. Rf2 e5 32. fxe5 Qxe5 33. Qxe5 dxe5 34. Rb1 Rxg5 35. Rb7 a5 36. Kf1 Rc8 37. Rd2 h5 38. Bd5 Rf5+ 39. Rf2 Rxf2+ 40. Kxf2 Rf8 41. Re7 h4 42. Rxe5 Rd8 43. Bb3 a4 44. Bxa4 Rd2+ 45. Re2 Rd4 46. Bb3 g5 47. Re5 Rf4+ 48. Kg2 g4 49. Rg5+ Kf8 50. Rh5 g3 51. Kh3 Rg4 52. Bd5 Ra4 53. Rf5 Ke7 54. Bb3 Rg4 55. Kxg4 g2 56. Re5+ Kd6 57. Re1 1-0

[Event "FRA-ch U12 Girls"]
[Site "Hyeres"]
[Date "2019.04.17"]
[Round "5"]
[White "Micheli, Elora"]
[Black "Ider, Ariuna"]
[Result "1-0"]
[WhiteElo "1359"]
[BlackElo "1474"]
[PlyCount "56"]
[EventDate "2019.04.14"]
[EventType "swiss"]
[EventRounds "9"]
[EventCountry "FRA"]
[SourceTitle "CBM 190 Extra"]
[Source "ChessBase"]
[SourceDate "2019.07.15"]
[SourceVersion "1"]
[SourceVersionDate "2019.07.15"]
[SourceQuality "1"]

1. e4 d5 2. exd5 Qxd5 3. Nc3 Qd6 4. d4 Nf6 5. Bc4 a6 6. Nge2 b5 7. Bb3 Bb7 8. Bf4 Qd7 9. f3 c5 10. dxc5 Qxd1+ 11. Rxd1 Nbd7 12. c6 Bxc6 13. Nd4 Bb7 14. Be3 e6 15. Bf2 Bb4 16. 0-0 Bxc3 17. bxc3 Rc8 18. Ne2 Nc5 19. Bd4 0-0 20. Rfe1 a5 21. a3 Bd5 22. Bxf6 Bxb3 23. cxb3 Nxb3 24. Bh4 f6 25. Rb1 a4 26. Red1 g5 27. Bf2 Rfd8 28. Bb6 Rd2 1-0

[Event "FRA-ch U12 Girls"]
[Site "Hyeres"]
[Date "2019.04.16"]
[Round "4"]
[White "Lazes, Alexia"]
[Black "Micheli, Elora"]
[Result "1/2-1/2"]
[WhiteElo "1491"]
[BlackElo "1359"]
[PlyCount "81"]
[EventDate "2019.04.14"]
[EventType "swiss"]
[EventRounds "9"]
[EventCountry "FRA"]
[SourceTitle "CBM 190 Extra"]
[Source "ChessBase"]
[SourceDate "2019.07.15"]
[SourceVersion "1"]
[SourceVersionDate "2019.07.15"]
[SourceQuality "1"]

1. e4 c5 2. Nf3 e6 3. d4 cxd4 4. Nxd4 Nf6 5. Nc3 Nc6 6. Be3 Bb4 7. f3 d5 8. Bg5 h6 9. Bxf6 Qxf6 10. a3 Qxd4 11. axb4 Qxb4 12. Qd2 d4 13. Nb5 Qxb2 14. Rd1 0-0 15. Nxd4 Nxd4 16. Qxd4 Qxc2 17. Rd2 Qc6 18. Be2 b6 19. 0-0 Bb7 20. Rfd1 b5 21. Qb4 a6 22. Qd6 Qxd6 23. Rxd6 Rfc8 24. Rb6 Rc7 25. Ra1 Rd8 26. Kf2 Kf8 27. e5 g5 28. g3 Kg7 29. f4 Rd4 30. Bf3 Bxf3 31. Kxf3 Rc3+ 32. Ke2 gxf4 33. gxf4 Rxf4 34. Rg1+ Kf8 35. Rb8+ Ke7 36. Rb7+ Kf8 37. Rb8+ Ke7 38. Rb7+ Kf8 39. Rb8+ Ke7 40. Rb7+ Kf8 41. Rb8+ 1/2-1/2

[Event "FRA-ch U12 "]
[Site "Agen"]
[Date "2018.04.18"]
[Round "5"]
[White "Schebacher, Solene"]
[Black "Micheli, Elora"]
[Result "1/2-1/2"]
[WhiteElo "1396"]
[BlackElo "1438"]
[PlyCount "104"]
[EventDate "2018.04.15"]
[EventType "swiss"]
[EventRounds "9"]
[EventCountry "FRA"]
[SourceTitle "EXT 2019"]
[Source "ChessBase"]
[SourceDate "2018.10.10"]
[SourceVersion "1"]
[SourceVersionDate "2018.10.10"]
[SourceQuality "1"]

1. e4 c5 2. Nc3 e6 3. g3 Nc6 4. Bg2 Nf6 5. d3 d6 6. Nge2 e5 7. Bg5 Be7 8. Bxf6 Bxf6 9. Nd5 Be6 10. Nec3 Nd4 11. 0-0 0-0 12. Nxf6+ Qxf6 13. f4 exf4 14. Rxf4 Qg5 15. Qd2 Bh3 16. Rd1 Bxg2 17. Kxg2 Rfe8 18. Rdf1 Ne6 19. R4f2 Qxd2 20. Rxd2 Nd4 21. Nd5 Rac8 22. Rdf2 f6 23. c3 Ne6 24. Nf4 c4 25. Rd2 cxd3 26. Rxd3 Nc5 27. Rxd6 Nxe4 28. Rd7 Nc5 29. Rdd1 Na4 30. Rd2 Rcd8 31. Rfd1 Rc8 32. Kf2 Nc5 33. Kf1 Kf7 34. Nd3 Ne4 35. Re2 Re7 36. Nf2 Nxf2 37. Kxf2 Rxe2+ 38. Kxe2 Re8+ 39. Kf2 Re7 40. Rd8 b6 41. Rd4 g5 42. h4 h5 43. hxg5 fxg5 44. Kf3 Kg7 45. Kf2 Kf6 46. c4 Rf7 47. Kg2 Kf5 48. b3 Re7 49. Kf2 Rf7 50. Kg2 Re7 51. Kf2 Rf7 52. Kg2 Re7 1/2-1/2